LEADER 00862nam0-2200289 --450 001 9910293559103321 005 20181203103708.0 010 $a88-7802-645-X 020 $aIT$b96-9537 100 $a20181203d1996----kmuy0itay5050 ba 101 1 $aita$cfre 102 $aIT 105 $a 001yy 200 1 $a<>fede senza nemico$ereligione e politica nelle societą post-comuniste$fPatrick Michel 210 $aMilano$cGuerini e Associati$d1996 215 $a145 p.$d21 cm 225 1 $aFrontiere$v6 610 0 $aReligione e politica$aEuropa orientale$a1990-1995 676 $a322.10947$v20$zita 700 1$aMichel,$bPatrick$0143356 801 0$aIT$bUNINA$gREICAT$2UNIMARC 901 $aBK 912 $a9910293559103321 952 $aCOLLEZ. 1679 (6)$ 3024/2018$fFSPBC 959 $aFSPBC 996 $aFede senza nemico$91539672 997 $aUNINA LEADER 01498nam0-22004811i-450 001 990000808300403321 005 20210910140355.0 035 $a000080830 035 $aFED01000080830 035 $a(Aleph)000080830FED01 100 $a20020821d1986----km-y0itay50------ba 101 1 $aita$cger 102 $aIT 105 $ay-------001yy 200 1 $a<>bella Napoli$fC.W. Allers, [A. Olinda, W. Grebe]$gprima traduzione italiana di Ursula Edith Pannswitz e Vincenzo Casertano$gpremessa di Renato De Falco 205 $a2. ed. 210 $aNapoli$cGrimaldi & c.$d1986 215 $a244 p.$cin gran parte ill.$d36 cm 300 $aRipr. facs. dell'ed.: Stuttgart, [1893?] 610 0 $aOLINDA 610 0 $aNAPOLI VIAGGIATORI$asec. XIX 610 0 $aChristian Wilhelm$aopere 610 0 $aAlexander$aopere 610 0 $aNAPOLI$ausi e costumi$asec. XIX 610 0 $aGREBE 610 0 $aALLERS 610 0 $aWalter$aopere 610 0 $aNAPOLI E DINTORNI$ausi e costumi$asec. XIX 700 1$aAllers,$bChristian Wilhelm$039816 702 1$aCasertano,$bVincenzo 702 1$aGrebe,$bWalter 702 1$aOlinda,$bAlexander 702 1$aPannswitz,$bUrsula Edith 702 1$aDe Fusco,$bRenato$f<1929- > 801 0$aIT$bUNINA$gRICA$2UNIMARC 901 $aBK 912 $a990000808300403321 952 $aRARI C 113$b2589$fFARBC 952 $aPICONE 87$bPIC 87$fDARPU 959 $aDARPU 959 $aFARBC 996 $aBella Napoli$9352283 997 $aUNINA LEADER 01705ngm 2200529Ic 450 001 9910888499103321 005 20241217105722.0 035 $a(CKB)4100000010143143 035 $a(FOD)154714 035 $a(EXLCZ)994100000010143143 071 40$a154714$bInfobase 071 40$a[154694]s$bInfobase 100 $a20230314d2013uuuu -u- v 101 0 $aeng 135 $aurcna||||| 181 $ctdi$2rdacontent 182 $cc$2rdamedia 183 $acr$2rdacarrier 200 00$aCell Structure /$fDiscovery Education 210 1$a[Place of publication not identified] : $cDiscovery Education, $d[2013] 210 4$d©2013 215 $a1 online resource (1 video file (3 min., 36 sec)) $csound, color 225 1 $aScience in Progress 327 $tCell Structure (3:36); 330 $aThis program profiles the structure of a eukaryotic cell, describing the form and function of each part of a cell. The program covers the phospholipid bilayer, cytoskeleton, cytoplasm, mitochondria, lysosome, nucleus, and the rough and smooth endoplasmic reticulums. 410 0$aScience in Progress. 606 $aBiology 606 $aCell metabolism 606 $aCell physiology 606 $aCells 606 $aCytology 606 $aLife sciences 606 $aMetabolism 608 $aInternet videos.$2lcgft 615 0$aBiology. 615 0$aCell metabolism. 615 0$aCell physiology. 615 0$aCells. 615 0$aCytology. 615 0$aLife sciences. 615 0$aMetabolism. 712 02$aDiscovery Education (Firm) 801 0$bAzPhAEM 906 $aVIDEO 912 $a9910888499103321 996 $aCell Structure$94253626 997 $aUNINA